HELLENIC HISTORY /
INCLUYE BIBLIOGRAFIA
Kaydedildi:
| Yazar: | |
|---|---|
| Diğer Yazarlar: | |
| Materyal Türü: | Kitap |
| Edisyon: | 3a edición |
| Konular: | |
| Etiketler: |
Etiket eklenmemiş, İlk siz ekleyin!
|
MARC
| LEADER | 00000nam^a2200000^a^4500 | ||
|---|---|---|---|
| 001 | 000242112 | ||
| 005 | 20250521000000.0 | ||
| 009 | 20260310105241.638 | ||
| 035 | |a 064860 | ||
| 037 | |a Acervo Xavier Clavigero | ||
| 082 | |a 938. |b BOT | ||
| 100 | |a Botsford, George Willis |e (autor) | ||
| 245 | 1 | 0 | |a HELLENIC HISTORY / |c GEORGE WILLIS BOTSFORD, CHARLES ALEXANDER ROBINSON |
| 250 | |a 3a edición | ||
| 264 | |a NEW YORK : |b THE MACMILLAN, |c 1948 | ||
| 300 | |a 509 p. | ||
| 336 | |a texto |b txt |2 rdacontenido | ||
| 337 | |a sin mediación |b n |2 rdamedio | ||
| 338 | |a volumen |b nc |2 rdasoporte | ||
| 520 | |a INCLUYE BIBLIOGRAFIA | ||
| 649 | |a XX | ||
| 650 | |a Grecia - |x Historia Antigua | ||
| 700 | |a Robinson, Charles Alexander |e (autor) | ||
| 910 | |a Fondo General | ||
| 920 | |a Impresos - Libros | ||
| 930 | |a Colección General | ||
| 905 | |a 101 | ||
| 901 | |a 064860 |b IT1 |c ACC |i 064860 |u 20250521 | ||
| 901 | |a 064859 |b IT1 |c ACC |i 064859 |u 20250521 | ||
| 902 | |a https://opac.biblio.iteso.mx/vufind/Record/000242112 | ||